Democracia y productividad : desafíos de una nueva educación media en América Latina

Uloženo v:
Podrobná bibliografie
Hlavní autor: Gómez, Victor M.
Další autoři: Aguerrondo, Inés, Ibarrola, María de (Coord.), Gallart, María Antonia (Coord.)
Médium: Kniha
Jazyk:Spanish
Vydáno: Santa Fe de Bogotá : Cooperativa Editorial Magisterio, 1995.
Edice:Colección mesa redonda ; 25
Témata:
On-line přístup:Enlace del recurso
Tagy: Přidat tag
Žádné tagy, Buďte první, kdo vytvoří štítek k tomuto záznamu!

MARC

LEADER 00000cam a2200000 a 4500
003 OSt
005 20160905181641.0
008 950430s1995 ck r 00010 spa d
015 |a ck-1995-xxxx 
020 |a 9582002050 
040 |c CO-BoIIE 
082 0 4 |a 373.8   |b G56d 
100 1 |9 542  |a Gómez, Victor M. 
245 1 0 |a Democracia y productividad :   |b desafíos de una nueva educación media en América Latina   |c Victor M.Gómez ... [et al.] ; coordinadoras María de Ibarrola, María Antonia Gallart. 
260 |a Santa Fe de Bogotá :   |b Cooperativa Editorial Magisterio,   |c 1995. 
300 |a 168 p. ;  
440 0 |a Colección mesa redonda ;   |v 25  |9 1845 
650 6 |a Educación secundaria  |x  Investigaciones  |z  América Latina.  |9 1846 
650 |a Educación y democracia  |z  América Latina.  |9 1847 
700 1 |a Aguerrondo, Inés.  |9 1848 
700 1 |a Ibarrola, María de.  |e Coord.  |9 1849 
700 1 |a Gallart, María Antonia.  |e Coord.  |9 1850 
740 0 2 |a Desafíos de una nueva educación media en América Latina. 
942 |2 ddc  |c BK 
949 |a n   |b n 
999 |c 5114  |d 5114 
856 |u https://catalogo.idep.edu.co/cgi-bin/koha/opac-detail.pl?biblionumber=5114  |z Enlace del recurso